Archie’s kisses (Riverdale) Quiz Stats

 Plays Quiz not verified by Sporcle

Score 0/8 Timer 00:45
4 Plays Today
Answer % Correct
Veronica Lodge
96.4%
Betty Cooper
93.8%
Josie McCoy
72.7%
Valerie Brown
70.9%
Cheryl Blossom
69%
Geraldine Grundy
68.8%
Joaquin DeSantos
25.7%
Laurie Lake
18.7%

You're not logged in!

Compare scores with friends on all Sporcle quizzes.
OR
Log In

Show Comments

Extras

Top Quizzes Today


Score Distribution

Your Account Isn't Verified!

In order to create a playlist on Sporcle, you need to verify the email address you used during registration. Go to your Sporcle Settings to finish the process.

Report this User

Report this user for behavior that violates our Community Guidelines.

Details: